000 00802nam a22001697a 4500
003 UA-OsUOA
001 18117
007 ta
008 20040420b un ||||| |||| 00| 0 ukr d
942 _cSA
040 _aUA-OsUOA
_cUA-OsUOA
_dUA-OsUOA
245 _aПро реалізацію молодіжної політики в районі та поширення досвіду українсько-канадського проекту "Молодь за здоров'я-2":Розпорядження голови Березнів. район. держ. адміністрації від 4.03 2004 р., N81
300 _aС.3
955 _a0
773 0 _w0
_tНадслучанський вісник
_dБерезне
_d2004
_gN29/31 берез./
650 7 _aКраєзнавча робота
_2UDC
999 _c304287
_d304287